La Chiesa sta perdendo la gioventù? La gioventù di fronte alla decisione della fede (Record n. 27190)

Dettagli MARC
000 -LEADER
fixed length control field 00853nam a2200253Ia 4500
003 - CONTROL NUMBER IDENTIFIER
control field IT-RoPAU
008 - FIXED-LENGTH DATA ELEMENTS--GENERAL INFORMATION
fixed length control field 120407s9999 xx 000 0 und d
040 ## - CATALOGING SOURCE
Original cataloging agency IT-RoPAU
040 ## - CATALOGING SOURCE
Transcribing agency IT-RoPAU
041 ## - LANGUAGE CODE
Language code of text/sound track or separate title ita
100 ## - MAIN ENTRY--PERSONAL NAME
Personal name Barthold Stratling
245 ## - TITLE STATEMENT
Title La Chiesa sta perdendo la gioventù? La gioventù di fronte alla decisione della fede
250 ## - EDITION STATEMENT
Edition statement Milano
260 ## - PUBLICATION, DISTRIBUTION, ETC. (IMPRINT)
Place of publication, distribution, etc. Edizioni Paoline
260 ## - PUBLICATION, DISTRIBUTION, ETC. (IMPRINT)
Date of publication, distribution, etc. 1972
300 ## - PHYSICAL DESCRIPTION
Extent 175 p.
300 ## - PHYSICAL DESCRIPTION
Dimensions 18 cm
490 ## - SERIES STATEMENT
Series statement La famiglia
490 ## - SERIES STATEMENT
Volume/sequential designation 55
600 ## - SUBJECT ADDED ENTRY--PERSONAL NAME
Personal name "Tit.orig.:Junge Christen kontra Kirche- Trad. F. Manci. In testa al front.: Barthold-Helga Stràtling. 1. - Giovani,Comportamento religioso 2 - Chiesa - StràtlingTòlle Helga I - Manci Franco 200.19 BNI 73-65"
700 ## - ADDED ENTRY--PERSONAL NAME
Personal name Helga Stràtling Tòlle
942 ## - ADDED ENTRY ELEMENTS (KOHA)
Koha item type LIBRO
Dati di copia
Withdrawn status Lost status Source of classification or shelving scheme Damaged status Not for loan Home library Current library Date acquired Total Checkouts Full call number Date last seen Price effective from Koha item type Public note
    Dewey Decimal Classification Buone Condizioni Not For Loan PAULUS-BIBLIOTECA PAULUS-BIBLIOTECA 11/04/2012   257.855 11/04/2012 11/04/2012 LIBRO Inserito da: In data: n.d. fondo: Via A.Severo 56 Progr:18672
CREDITS: SOCIETA' SAN PAOLO Via A.Severo, 58 - ROMA (RM) & PERIODICI SAN PAOLO SRL Via Giotto, 36 MILANO & CISF Via Giotto, 36 MILANO & EDIZIONI SAN PAOLO SRL,  Piazza Soncino, 5 CINISELLO BALSAMO (MI) -- ITALY